Statistics for Countries in South America

Click here to take the quiz!

General Stats

  • This quiz has been taken 4 times
  • The average score is 9 of 13

Answer Stats

Answer% Correct
Brazil
100%
Chile
100%
Paraguay
100%
Uruguay
100%
Argentina
75%
Venezuela
75%
Guyana
75%
Bolivia
75%
Peru
50%
Colombia
50%
Ecuador
50%
Suriname
50%
France (French Guiana)
0%

Score Distribution

Percentile by Number Answered

Percent of People with Each Score

Your Score History

You have not taken this quiz